000 00542cam a2200169 4500500
005 20260405002428.0
041 _afre
042 _adc
100 1 0 _aEltchaninoff, Michel
_eauthor
245 0 0 _aAux origines de la décroissance. Cinquante penseurs
260 _c2017.
500 _a94
690 _aCollectif
690 _aDécroissance
786 0 _nPhilosophie magazine | 109 | 5 | 2017-05-01 | p. 57-57 | 1951-1787
856 4 1 _uhttps://shs.cairn.info/magazine-philosophie-magazine-2017-5-page-57?lang=fr&redirect-ssocas=7080
999 _c2057590
_d2057590